Dizajn exteriéru poľnohospodárskeho traktora
Na minha lista:
| Autor principal: | |
|---|---|
| Outros Autores: | |
| Formato: | Manuscrito Livro |
| Idioma: | eslovaco |
| Publicado em: |
Bratislava
2015
|
| Assuntos: | |
| Acesso em linha: | http://is.stuba.sk/zp/portal_zp.pl?podrobnosti=112708 |
| Tags: |
Sem tags, seja o primeiro a adicionar uma tag!
|
MARC
| LEADER | 00000ntm a22000003a 4500 | ||
|---|---|---|---|
| 001 | stuzp53474 | ||
| 003 | SK-STU | ||
| 005 | 20210305101511.3 | ||
| 007 | ta | ||
| 008 | 150427s2015----xo-----f-mn---000-0-slo-d | ||
| 040 | |a STU |b slo | ||
| 041 | 0 | |a slo | |
| 100 | 1 | |a Goga, Slavomír, |d 1989- |u 059190 |4 aut |U FA Fakulta architektúry |U FAD Fakulta architektúry |T FA Ústav dizajnu |X 59099 |U A9190 |Y 400 |7 A000059099 | |
| 242 | 0 | 1 | |a Exterior design Agricultural tractor |y eng |
| 245 | 1 | 0 | |a Dizajn exteriéru poľnohospodárskeho traktora |
| 260 | |c 2015 |a Bratislava | ||
| 650 | 4 | |a dizajn |2 slo | |
| 650 | 4 | |a agrárna technika |2 slo | |
| 650 | 4 | |a exterier |2 slo | |
| 650 | 4 | |a design |2 eng | |
| 650 | 4 | |a agricultural tractor |2 eng | |
| 650 | 4 | |a hydrogen |2 eng | |
| 700 | 1 | |a Zvonek, Miroslav, |d 1955- |4 ths |X 71218 |7 A000071218 | |
| 856 | 4 | |u http://is.stuba.sk/zp/portal_zp.pl?podrobnosti=112708 |u https://opac.crzp.sk/?fn=detailBiblioForm&sid=E75B5E22D326BA6A98A594CFFF20 | |
| SQL | |a stuzp53474 |b DDP |c SLO |d Dizajn exteriéru poľnohospodárskeho traktora |e 59099 |f Goga, Slavomír |g 059190 |h 71218 |i Zvonek, Miroslav |j 20150603 |k 640 |l 05 |m http://is.stuba.sk/zp/portal_zp.pl?podrobnosti=112708 |n I-DZ |o 2.2.6. dizajn | ||